00333nam a2200121Ia 4500008004100000041000800041082001400049100002500063245004500088260004000133300002900173365000900202240624s9999 xx 000 0 und d aeng a658.8 RAH aRAHMAN SYED MAHBUBUR aINTERNET COMMERCE AND SOFTWARE AGENTS CA c1901aLondonbIdea Group Publishing av, : 408 : p. : cm. ; 25 cb30